000 00727nas a2200229 4500
001 BR9501016
003 BR-BrBNA
005 20231205094249.0
007 ta
008 230509b bl.|||p| |||| 00| 00por d
040 _aBR-BrBNA
_bpor
_cBiblioteca Nacional de Agricultura
041 _a(Pt)
072 _aH10
100 1 _aSantos, B.B. dos
100 1 _aLozano, L.A.L.
245 1 _aOcorrencia de nematoides do genero Melodogyne em cafeeiros do municipio de Terra Boa, Estado do Parana, Brasil
650 _aCafe
650 _aMeloidoginose
773 0 _tRevista de Agricultura (Brazil)
_xISSN 0034-7655
_g(Sep 1993), v. 68(2) p. 183-185
_wBR9501016
909 _a202311
_bLúcia
_c55
_dLúcia Elande
942 _2AGRIS
_n0
_cANA
999 _c143185
_d143185